000 00405nam a2200157 a 4500
020 _a3110083035 (hb)
082 _a526.9
_bKIS
_cL-16, P-26.
100 1 _aKahman, Heribert
_939785
245 1 _aSurveying
260 _aBerlin :
_bWalter de Gruyter ,
_c1988
300 _axvii, 578p. Index
526 _a0
_b0
_c0
_d526_900000000000000_KIS
650 0 _aMCE
_9379
650 0 _aSurveying
942 _2ddc
_cBK
999 _c544217
_d544217